Statistics for General Knowledge Quiz #220

Click here to take the quiz!

General Stats

  • This quiz has been taken 24,138 times
  • The average score is 11 of 20

Answer Stats

QuestionAnswer% Correct
Which color of the rainbow comes last alphabetically?Yellow
91%
What disease does a radiation oncologist treat?Cancer
86%
What country of 25 million people has more than 1 million active military troops?North Korea
79%
What's either a genre of film or the French word for black?Noir
78%
What does the Italian word "arrivederci" mean?Goodbye
76%
Who was the main star of "Raiders of the Lost Ark"?Harrison Ford
73%
Who lived under a staircase in the town of Little Whinging?Harry Potter
69%
What pepper, starting with the letter H, is approximately 40 times as spicy as a jalapeño?Habanero
60%
What unit of measure in the petroleum industry is equal to about 159 liters?Barrel
55%
What does the Hindustani word "raja" mean?Prince
51%
What fully reduced fraction is equal to 0.6? (note the line over the 6)Two thirds
50%
What's a more common word that means "couture"?Fashion
49%
What French astrologer, born in 1503, is remembered today for his numerous
and extremely vague predictions?
Nostradamus
46%
What communication method is Guglielmo Marconi credited with inventing in the 1890s?Radio
46%
Which Disney princess is friends with a raccoon and a hummingbird?Pocahontas
45%
Name one of the two countries that borders the Straits of Magellan.Chile | Argentina
44%
What can be a political extremist, a word that surfers say, or this sign: √?Radical
42%
What word refers to hypothesized event where all the good people will ascend to
heaven leaving only sinners behind?
Rapture
37%
What comes in lignite, bituminous, and anthracite varieties?Coal
29%
What machine was patented by Luigi Bezzera of Milan in 1902?Espresso machine
8%

Score Distribution

Percentile by Number Answered

Percent of People with Each Score

Your Score History

You have not taken this quiz